00834nam a2200169Ia 4500008004100000020002900041041000800070050002400078100001400102245009200116246008100208260005400289300003100343650015900374952011400533999001700647230520s9999 xx 000 0 und d a9787509721070 7509721075 achi aBV3415 b.L494 2011 a林美玫 0a妇女与差传 :  b19世纪美国圣公会女传教士在华差传研究/c林美玫 a婦女與差傳 :  b19世紀美國聖公會女傳教士在華差傳研究/ a北京市 : b社会科学文献出版社, c2011 a2, 22, 400 p. b; c24 cm. aEpiscopal Church -- Missions -- China.Women missionaries -- China -- History -- 19th century.Women in missionary work -- China -- History -- 19th century. 00104070aGETSbGETSc GENd2023-05-20l0oBV3415 .L494 2011p00030653r2023-05-20 00:00:00w2023-05-20yCB c43710d43710